Insolvency law (Record no. 103173)
[ view plain ]
| 000 -LEADER | |
|---|---|
| fixed length control field | 01369cam a2200409 4500 |
| 008 - FIXED-LENGTH DATA ELEMENTS--GENERAL INFORMATION | |
| fixed length control field | 031103n2003 000 0 eng u |
| 020 ## - INTERNATIONAL STANDARD BOOK NUMBER | |
| International Standard Book Number | 0582437199 |
| 035 ## - SYSTEM CONTROL NUMBER | |
| System control number | (Sirsi) u124214 |
| 041 ## - LANGUAGE CODE | |
| Language code of text/sound track or separate title | eng |
| 050 ## - LIBRARY OF CONGRESS CALL NUMBER | |
| Classification number | 346.41078 |
| 100 ## - MAIN ENTRY--PERSONAL NAME | |
| Personal name | Keay, Andrew |
| 245 ## - TITLE STATEMENT | |
| Title | Insolvency law |
| Remainder of title | corporate and personal |
| 260 ## - PUBLICATION, DISTRIBUTION, ETC. | |
| Place of publication, distribution, etc. | Harlow |
| Name of publisher, distributor, etc. | Pearson |
| Date of publication, distribution, etc. | 2003 |
| 300 ## - PHYSICAL DESCRIPTION | |
| Extent | xcv, 596p. |
| Dimensions | 24cm. |
| 350 ## - PRICE (NR) (BK AM CF MU VM SE) [OBSOLETE] | |
| Price | 29.99 |
| 505 ## - FORMATTED CONTENTS NOTE | |
| Formatted contents note | Part 1: Introduction |
| 505 ## - FORMATTED CONTENTS NOTE | |
| Formatted contents note | Part 2: Non-terminal insolvency |
| 505 ## - FORMATTED CONTENTS NOTE | |
| Formatted contents note | Part 3: Provisional liquidation |
| 505 ## - FORMATTED CONTENTS NOTE | |
| Formatted contents note | Part 4: Winding up |
| 505 ## - FORMATTED CONTENTS NOTE | |
| Formatted contents note | Part 5: Bankruptcy |
| 505 ## - FORMATTED CONTENTS NOTE | |
| Formatted contents note | Part 6: Administration of insolvent estates |
| 505 ## - FORMATTED CONTENTS NOTE | |
| Formatted contents note | Part 7: Creditors |
| 505 ## - FORMATTED CONTENTS NOTE | |
| Formatted contents note | Part 8: Swelling the asset pool |
| 505 ## - FORMATTED CONTENTS NOTE | |
| Formatted contents note | Part 9: Misconduct |
| 520 ## - SUMMARY, ETC. | |
| Summary, etc. | Written for both students and practitioners, this textbook clearly sets out the essential principles and issues in insolvency law, including the changes introduced by the Enterprise Act 2002. Tables of cases, statutes, statutory instruments and international legislation. |
| 650 ## - SUBJECT ADDED ENTRY--TOPICAL TERM | |
| Topical term or geographic name entry element | ENTERPRISE ACT 2002 |
| 650 ## - SUBJECT ADDED ENTRY--TOPICAL TERM | |
| Topical term or geographic name entry element | Insolvency |
| 9 (RLIN) | 6247 |
| 650 ## - SUBJECT ADDED ENTRY--TOPICAL TERM | |
| Topical term or geographic name entry element | LIQUIDATION |
| 650 ## - SUBJECT ADDED ENTRY--TOPICAL TERM | |
| Topical term or geographic name entry element | CREDITORS |
| 650 ## - SUBJECT ADDED ENTRY--TOPICAL TERM | |
| Topical term or geographic name entry element | MISCONDUCT |
| 650 ## - SUBJECT ADDED ENTRY--TOPICAL TERM | |
| Topical term or geographic name entry element | BANKRUPTCY |
| 650 ## - SUBJECT ADDED ENTRY--TOPICAL TERM | |
| Topical term or geographic name entry element | WINDING UP |
| 650 ## - SUBJECT ADDED ENTRY--TOPICAL TERM | |
| Topical term or geographic name entry element | ADMINISTRATION |
| 690 ## - LOCAL SUBJECT ADDED ENTRY--TOPICAL TERM (OCLC, RLIN) | |
| Topical term or geographic name as entry element | LAW |
| 700 ## - ADDED ENTRY--PERSONAL NAME | |
| Personal name | Walton, Peter |
| 942 ## - ADDED ENTRY ELEMENTS (KOHA) | |
| Suppress in OPAC | 0 |
| Source of classification or shelving scheme | Dewey Decimal Classification |
| Withdrawn status | Lost status | Source of classification or shelving scheme | Damaged status | Not for loan | Home library | Current library | Shelving location | Date acquired | Cost, normal purchase price | Total Checkouts | Full call number | Barcode | Date last seen | Date last checked out | Copy number | Cost, replacement price | Price effective from | Koha item type |
|---|---|---|---|---|---|---|---|---|---|---|---|---|---|---|---|---|---|---|
| Other/Generic Classification Scheme | London | London | Books | 12/11/2003 | 27.99 | 14 | 346.41078 KEA | 30067873 | 06/08/2019 | 28/05/2009 | 1 | 27.99 | 06/08/2019 | Book |